Medical Terms for Body Parts II - Statistics

General Stats
  • This quiz has been taken 52 times
  • The average score is 10 of 48
Answer Stats
Hint Answer % Correct
Knee Cap Patella
80%
Skull Cranium
68%
Wind Pipe Trachea
57%
Nose Nasal
55%
Buttocks Glutes
50%
Mouth Oris
41%
Fingers Phalanges
39%
Thigh Femoral
36%
Arm Pit Axilla
34%
Heart Cardiac
34%
Kidney Renal
30%
Fat Adipose Tissue
27%
Wrist Carpus
25%
Neck Cervical
25%
Stomach Gastric
25%
Hand Manus
25%
Shoulder Blad Scapular
25%
Arm Brachium
23%
Liver Hepatic
23%
Breast Mammary
23%
Cheek Bucca
20%
Ear Drum Tympanic Membrane
20%
Navel Umbilical
20%
Ear Auris
18%
Foot Pedis
16%
Lungs Pulmones
16%
Eye Ocular
14%
Chest Pectoral
14%
Foot (Bottom) Planta
11%
Head Cephalon
9%
Back Dorsum
9%
Elbow Olecranon
9%
Thumb Pollex
9%
Heel Calcaneus
7%
Pelvis Iliac
7%
Groin Inguinal
7%
Chin Mentis
7%
Elbow Antecubitis
5%
Skin Cutaneous
5%
Loin Lumbus
5%
Knee (Back) Popliteus
5%
Calf Sura
5%
Fore arm AnteBrachium
2%
Urinary Bladder Cystic
2%
Lower Leg Peroneal
2%
Abdomen Celiac
0%
Spine Vertabrae
0%
Palm Volar
0%
No matching quizzes found
Score Distribution
Percent of People with Each Score
Percentile by Number Answered
Your Score History
You have not taken this quiz